[Event "RUS-ch Blitz (Women)"]
[Site "Sochi"]
[Date "2023.10.14"]
[Round "4"]
[White "Dudkina, Uliana"]
[Black "Yakimova, Mariya"]
[Result "0-1"]
[WhiteElo "1916"]
[BlackElo "2222"]
[PlyCount "60"]
[EventDate "2023.10.14"]
[EventType "swiss (blitz)"]
[EventRounds "13"]
[EventCountry "RUS"]
[SourceTitle "Mega2024 Update 01"]
[Source "Chessbase"]
[SourceDate "2023.11.12"]
[SourceVersion "1"]
[SourceVersionDate "2023.11.12"]
[SourceQuality "1"]

1. d4 Nf6 2. c4 g6 3. Nc3 Bg7 4. e4 d6 5. Nf3 0-0 6. Be2 e5 7. 0-0 Nbd7 8. Be3 Qe7 9. d5 Ng4 10. Bg5 f6 11. Bh4 Nh6 12. b4 g5 13. Bg3 f5 14. exf5 Nxf5 15. Ne4 h6 16. Ne1 Nf6 17. Nxf6+ Qxf6 18. Rc1 e4 19. c5 Nxg3 20. hxg3 e3 21. fxe3 Qe5 22. Rxf8+ Kxf8 23. Qd2 Qxg3 24. Nd3 Kg8 25. Bh5 Bf5 26. Rf1 Rf8 27. Ne1 Be4 28. Bf3 Be5 29. Nd3 Qh2+ 30. Kf2 Rxf3+ 0-1

[Event "RUS-ch Blitz (Women)"]
[Site "Sochi"]
[Date "2023.10.14"]
[Round "9"]
[White "Yakimova, Mariya"]
[Black "Kovanova, Baira"]
[Result "0-1"]
[WhiteElo "2222"]
[BlackElo "2306"]
[PlyCount "52"]
[EventDate "2023.10.14"]
[EventType "swiss (blitz)"]
[EventRounds "13"]
[EventCountry "RUS"]
[SourceTitle "Mega2024 Update 01"]
[Source "Chessbase"]
[SourceDate "2023.11.12"]
[SourceVersion "1"]
[SourceVersionDate "2023.11.12"]
[SourceQuality "1"]

1. d4 Nf6 2. c4 e6 3. Nc3 d5 4. cxd5 exd5 5. Bg5 c6 6. Qc2 Be7 7. e3 h6 8. Bh4 0-0 9. Bd3 Re8 10. Nf3 Ne4 11. Bxe7 Qxe7 12. Bxe4 dxe4 13. Nd2 Bf5 14. 0-0-0 Bg6 15. Kb1 Na6 16. a3 b5 17. b4 Nb8 18. Nb3 Nd7 19. d5 cxd5 20. Rxd5 a6 21. Rhd1 Ne5 22. Na5 Rac8 23. R1d4 Nd3 24. Qd2 Qc7 25. Na2 Qxh2 26. g3 Qg1+ 0-1

[Event "RUS-ch (Women) 73rd"]
[Site "St Petersburg"]
[Date "2023.10.11"]
[Round "10"]
[White "Nechaeva, Marina"]
[Black "Yakimova, Mariya"]
[Result "1/2-1/2"]
[WhiteElo "2361"]
[BlackElo "2222"]
[PlyCount "72"]
[EventDate "2023.10.01"]
[EventType "tourn"]
[EventRounds "11"]
[EventCountry "RUS"]
[EventCategory "4"]
[SourceTitle "EXT 2024"]
[Source "ChessBase"]
[SourceDate "2023.10.10"]
[SourceVersion "1"]
[SourceVersionDate "2023.10.10"]
[SourceQuality "1"]

1. d4 Nf6 2. c4 g6 3. Nf3 Bg7 4. g3 0-0 5. Bg2 d6 6. 0-0 c5 7. Nc3 Nc6 8. d5 Na5 9. Nd2 e6 10. Qc2 Re8 11. b3 exd5 12. cxd5 b5 13. Bb2 b4 14. Nce4 Nxe4 15. Bxe4 Bxb2 16. Qxb2 c4 17. bxc4 Nxc4 18. Nxc4 Rxe4 19. Nd2 Rxe2 20. Qxb4 Qf6 21. Rae1 a5 22. Ne4 Qe5 23. Qb1 Rxe1 24. Rxe1 Bf5 25. Qd3 Rb8 26. Qc3 Qxc3 27. Nxc3 Rb2 28. Kg2 Kf8 29. Kf3 Bc8 30. Re2 Rb4 31. Re4 Bb7 32. Ke3 h6 33. h4 g5 34. hxg5 hxg5 35. f4 gxf4+ 36. gxf4 Ba8 1/2-1/2

[Event "RUS-ch (Women) 73rd"]
[Site "St Petersburg"]
[Date "2023.10.06"]
[Round "6"]
[White "Goltseva, Ekaterina"]
[Black "Yakimova, Mariya"]
[Result "1-0"]
[WhiteElo "2338"]
[BlackElo "2222"]
[PlyCount "71"]
[EventDate "2023.10.01"]
[EventType "tourn"]
[EventRounds "11"]
[EventCountry "RUS"]
[EventCategory "4"]
[SourceTitle "EXT 2024"]
[Source "ChessBase"]
[SourceDate "2023.10.10"]
[SourceVersion "1"]
[SourceVersionDate "2023.10.10"]
[SourceQuality "1"]

1. d4 Nf6 2. c4 g6 3. Nc3 Bg7 4. e4 d6 5. Nf3 0-0 6. Be2 e5 7. 0-0 Nbd7 8. Be3 Qe7 9. Qc2 c6 10. d5 c5 11. Rae1 Kh8 12. Kh1 Ng8 13. g4 Ndf6 14. h3 Bd7 15. Rg1 h6 16. Rg2 Ne8 17. Bd3 a6 18. a4 Nc7 19. a5 Rfb8 20. Ne2 b6 21. axb6 Rxb6 22. Ng3 a5 23. Bc1 a4 24. Reg1 Na6 25. Qd2 Rb3 26. Be2 Nf6 27. Bd1 Rb4 28. Qe2 Nh7 29. Nf5 gxf5 30. gxf5 Bf6 31. Bxh6 Rbb8 32. Ng5 Bxg5 33. Rxg5 Rg8 34. Rxg8+ Rxg8 35. Rxg8+ Kxg8 36. Qg4+ 1-0